000 00755nam a22002417a 4500
999 _c1260
_d1260
003 AR-CdUCM
008 190226b ||||| |||| 00| 0 spa d
040 _aMUNICIPALIDAD PROVINCIAL DEL CUSCO
_cBIBLIOTECA MUNICIPAL DEL CUSCO
041 _haym
082 _a498.324 /
_bP26
100 _aParedes Candia, Antonio
_94895
245 _aEl Zambo Salvito /
_cParedes Candia, Antonio
260 _aLa Paz :
_bCasa de la Cultura,
_c1993.
300 _a105 paginas ;
_bil,
_c15 cm.
505 _aI -- II -- III -- IV -- V...
650 _aAimara
_94896
650 _aZambo Salvito
_94897
650 _aLiteratura
_983
650 _aHistoria
_9136
700 _aHuanca Tórrez, Vitaliano (Traductor)
_94898
942 _2ddc
_cLIBROS
945 _apjha
_d2019-02-26